Normal view
MARC view
Entry Personal Name
001 - CONTROL NUMBER
- control field: 48633
003 - CONTROL NUMBER IDENTIFIER
- control field: dpl
005 - DATE AND TIME OF LATEST TRANSACTION
- control field: 20120607125916.0
008 - FIXED-LENGTH DATA ELEMENTS
- fixed length control field: 120607|||a|||||| | ||| d
040 ## - CATALOGING SOURCE
- Original cataloging agency: dpl
- Transcribing agency: dpl
100 ## - HEADING--PERSONAL NAME
- Personal name: Mathur, G.C.
670 ## - SOURCE DATA FOUND
- Source citation: Work cat.: (dpl): Misra, Girish K. 48632, HRD for local government :, 2000
670 ## - SOURCE DATA FOUND
- Source citation: Work cat.: (dpl): Misra, Girish K. 48632, HRD for local government :, 2000
